Obálka Náhled e-knihy:
PDF Epub
Pro půjčování e-knih musíte být přihlášeni.
Jak si půjčit online?

Humor & sex. 3, Hříchy králů... a královen /

Soubor historických povídek, v nichž se česká autorka zamýšlí nad sexuálním chováním významných postav světových dějin. Původně vydáno pod názvem Hříšné hrátky vládců.

Uloženo v:
Série:Humor & Sex, část 3
Hlavní autor: Moody, Jitka, 1973- (Autor)
Médium: E-kniha
Jazyk:Czech
Vydáno: [Brno] : Jitka Moody, 2023
Vydání:První vydání
Témata:
Příbuzné jednotky:Z cyklu:: Humor & Sex
Tagy:
Žádné tagy
LEADER 02516nam a2200433 i 4500
001 311884
003 CZ PrSKC
005 20260601215713.0
007 ta
008 230307s2023 xr e 000 j cze
015 |a cnb003494352 
020 |a 9788090885837  |q (brožováno) 
035 |a (OCoLC)1375350180 
040 |a ABG001  |b cze  |d ABA001  |e rda 
072 7 |a 821.162.3-3  |x Česká próza  |2 Konspekt 
080 |a 821.162.3-32  |2 MRF 
080 |a (0:82-993)  |2 MRF 
100 1 |a Moody, Jitka,  |d 1973-  |7 mzk2008453312  |4 aut  |4 pbl 
245 1 0 |a Humor & sex.  |n 3,  |p Hříchy králů... a královen /  |c Jitka Moody 
246 3 |a Humor a sex 
246 1 |i Název v tiráži:  |a Humor & sex 03... Hříchy králů... a královen 
246 3 0 |a Hříchy králů... a královen 
250 |a První vydání 
264 1 |a [Brno] :  |b Jitka Moody,  |c 2023 
300 |a 166 stran ;  |c 20 cm 
336 |a text  |b txt  |2 rdacontent 
337 |a bez média  |b n  |2 rdamedia 
338 |a svazek  |b nc  |2 rdacarrier 
520 2 |a Soubor historických povídek, v nichž se česká autorka zamýšlí nad sexuálním chováním významných postav světových dějin. Původně vydáno pod názvem Hříšné hrátky vládců.  |b Autorčin fiktivní kronikář Albert Kosmák pracuje v jedné z obrovských podzemních knihoven, kde se probírá "v zaprášených rozích nově nalezenými a čerstvě přeloženými fragmenty". Dostává se tak k materiálům, které přinášejí nové poznatky o slavných historických osobnostech, především pak o jejich chování a jednání v soukromém životě. A protože touží "některé z těch pikantních příběhů vypovědět", popisuje i glosuje ve svých prózách například "hříšné hrátky" krále Šalomouna, císaře Rudolfa II. či papeže Alexandra VI. 
655 7 |a české povídky  |7 fd133971  |2 czenas 
655 7 |a erotické povídky  |7 fd132208  |2 czenas 
655 9 |a Czech short stories  |2 eczenas 
655 9 |a erotic short stories  |2 eczenas 
900 |a ABA001  |b 19 
044 |a xr 
787 0 8 |g 3  |i Z cyklu:  |t Humor & Sex 
910 |a RBIT002 
998 |d 371575  |a https://core.palmknihy.cz/api/books/371575/cover?rrxdqx  |b https://core.palmknihy.cz/api/books/371575/cover/400?rrxdqx  |c https://core.palmknihy.cz/api/books/371575/cover/50?rrxdqx  |e   |g 168  |i 9788090885837  |j https://core.palmknihy.cz/api/books/371575/preview.epub  |k https://core.palmknihy.cz/api/books/371575/preview.pdf  |l   |q 49  |r 1  |s https://www.palmknihy.cz/kniha/371575  |t ebook  |y 2023  |z 0  |v Humor & Sex  |w 3 
999 |d 311882